000 00947nam a2200289Ia 4500
003 OSt
005 20220928113714.0
006 a|||||r|||| 00| 0
007 ta
008 220927b |||||||| |||| 00| 0 eng d
020 _cUKP 45.00
024 _a144419
037 _b071, 03/03/2021, Classic Book Service
_cTextual
040 _aSDCL
_cSDCL
_beng
041 _2eng
_aeng
082 _aX652:f, R0
100 _aAarten Pauline Ed.
_9434584
245 0 _aResearch methods for security studies
260 _aNew Delhi
_bSage
_c2020
300 _avii,322p.
_ccm.
650 _aPolitical Science
700 _a Froneberg Eva Ed.
_9434585
700 _a Hewitt James Ed.
_9434586
700 _a Krusselmann Katharina Ed.
_9434587
942 _hX652:f, R0
_cTEXL
_2CC
999 _c750897
_d750897